Infectious nephritis in domestic animals.

Bibliographic Details
Main Author: Bridges, Charles Hubert
Format: Thesis Book
Language:English
Published: [College Station, Tex.], [publisher not identified] ; 1954.
Subjects:

MARC

Tag First Indicator Second Indicator Subfields
LEADER 00000cam a2200000 4500
001 in00000052930
005 20151007074225.0
008 800611s1954 txua 00000 eng d
035 |a (OCoLC)06409239 
035 |9 AAF1154AM 
040 |a TXA  |c TXA  |d UtOrBLW 
049 |a [Archives]TXAM  |c [243005] 
092 |a 619  |b B851 
099 |a 1954  |a Thesis  |a B851 
100 1 |a Bridges, Charles Hubert. 
245 1 0 |a Infectious nephritis in domestic animals. 
264 1 |a [College Station, Tex.],  |b [publisher not identified] ;  |c 1954. 
300 |a 88 :  |b illustrations 
336 |a text  |b txt  |2 rdacontent 
337 |a unmediated  |b n  |2 rdamedia 
338 |a volume  |b nc  |2 rdacarrier 
500 |a Typewritten. 
502 |b M.S. in Veterinary Pathology  |c A. & M. College of Texas. 
650 0 |a Kidneys  |x Diseases. 
650 0 |a Veterinary pathology. 
650 4 |a Major veterinary pathology. 
730 0 |a Thesis. 
730 0 |a Thesis - Veterinary Pathology. 
999 |a MARS 
999 f f |s 4f973549-e669-3019-9f1c-9e4f113b84b2  |i df3a1471-4b79-3215-9177-ec654fc23f07  |t 0 
952 f f |p noncirc  |a Texas A&M University  |b J.J. Pickle Campus  |c High Density Repository  |d Remote Storage  |t 0  |e 1954 Thesis B851  |h Other scheme  |i unmediated -- volume  |m A14840879852 
998 f f |a 1954 Thesis B851  |t 0  |l Remote Storage